| 000 | 00462nam a2200169 i 4500 | ||
|---|---|---|---|
| 001 | bg | ||
| 100 | 1 | _aSIWICKI, Mikołaj. | |
| 245 | 0 |
_aDzieje konfliktów polsko-ukraińskich. _nT. 1 / _cMikołaj Siwicki. |
|
| 260 |
_aWarszawa : _bnakł. autora, _c1992. |
||
| 300 |
_a316, [1] s. ; _c24 cm. |
||
| 504 | _aBibliogr. s. 316-[317]. | ||
| 040 | _cBPK | ||
| 041 | _apol | ||
| 080 | _a943.08947.7](093) | ||
| 942 | _cKS | ||
| 008 | s pl f |000 0 pol | ||
| 999 |
_c29809 _d29809 |
||
| 856 |
_uhttp://koha.tu.koszalin.pl/cgi-bin/koha/opac-detail.pl?biblionumber=29809 _yKatalog online BPK |
||